| 000 | 00929nas a2200277 4500 | ||
|---|---|---|---|
| 001 | BR0904397 | ||
| 003 | BR-BrBNA | ||
| 005 | 20231205113313.0 | ||
| 007 | ta | ||
| 008 | 230509b bl.|||p| |||| 00| 00por d | ||
| 040 |
_aBR-BrBNA _bpor _cBiblioteca Nacional de Agricultura |
||
| 041 | _a(Pt) | ||
| 072 | _aH10 | ||
| 100 | 1 | _aFigueiredo, K. do V.S. | |
| 100 | 1 | _aMuniz, J.A.P.C. | |
| 100 | 1 | _aAmorim, Gazêta, G.S. | |
| 100 | 1 | _aFreire, N.M.S. | |
| 245 | 1 | _aFonsecalges johnjadini Fain, 1962 (Acari: Psoroptidae, Cebalginae)parasitando primatas não humanos no Centro Nacional de Primatas em Belém, Pará, Brasil | |
| 650 | _aPRAGA DE ANIMAL | ||
| 650 | _aCENTRO NACIONAL DE PRIMATAS | ||
| 650 | _aBELÉM | ||
| 650 | _aPARÁ | ||
| 773 | 0 |
_tRevista de Ciências Agrárias (Brazil) _xISSN 1517-591X _g(Jan-Jun 2004), v. 41 p. 121-126 _wBR0904397 |
|
| 909 |
_a202311 _bLúcia _c55 _dLúcia Elande |
||
| 942 |
_2AGRIS _n0 _cANA |
||
| 999 |
_c203009 _d203009 |
||